1899 1839 1083 1213 1585 1064 1299 1234 1209 1282 1317 1691 1479 1683 1542 1915 1268 1566 1316 1904 1499 1704 1067 1655 1882 1268 1128 1996 1166 1390 1937 1149 1058 1556 1495 1275 1427 1793 1917 1772 1384 1996 2000 1120 1668 1876 1816 1810 1741 1248 1827 1230 1502 1749 1471 1217 1561 1368 1203 1728 1999 1477 1629 1689 1653 1606 1461 1733 1860 1382 1001 1185 1812 1123 1040 1886 1453 1854 1650 1452 1480 1782 1895 1904 1997 1083 1885 1560 1822 1711 1534 1902 1960 1069 1299 1912 1579 1720 1208 BCNSPRNW ULIB Ver.6.0+V

เปลี่ยนเป็นภาษาไทย

Change to English
 แสดงรายละเอียดบรรณานุกรม
  กลับหน้าหลัก

Brief Record : Get Marc (ISO 2709) : E-mail record : QR code < ปิดหน้าต่าง
LEADER : 00000nam 2200000uu 4500
001    13399127166
003     ULIB
008    191018s2561||||th 000 0 tha d
020 ^- ^a9786160034796
050 ^- ^aนว.^bณ149ห
100 ^- ^aณพรรษธ์สรฌ์.
245 10 ^aหวานร้ายละลายรัก /^cณพรรษธ์สรฌ์.
250 ^- ^aพิมพ์ครั้งที่ 1.
260 ^- ^aกรุงเทพฯ :^bบริษัทสถาพรบุ๊คส์ จำกัด,^c2561
300 ^- ^a327 หน้า.
945    ^p230^l0^i006352
999    ^aประนอม เกษจรัล
รายการนี้ยังไม่มีแท็ก
คุณยังไม่ได้ล็อกอิน คุณสามารถมีกิจกรรมร่วมกับเว็บไซต์ได้ แต่ต้องล็อกอินก่อน ::
  ล็อกอิน

รายการสื่อสารสนเทศ

ลำดับที่ ประเภท เลขเรียก/บาร์โค้ด สถานที่ สถานะ
1. นวนิยาย
นวนิยาย
นว. ณ149ห ฉ.1 
  Barcode: 006352
ห้องสมุดวิทยาเขตนครสวรรค์
►นวนิยาย:l:Fiction
บนชั้น

รายการใกล้เคียง
    ผู้แต่ง [ณพรรษธ์สรฌ์.]

BibComment


ยังไม่เคยถูกคอมเมนท์

คอมเมนท์ทรัพยากรรายการนี้
  คอมเมนท์: หวานร้ายละลายรัก..


 Copyright 2026. Bcnsprnw @Library